00693nam a22001937a 450000500170000001000150001702000270003203500130005903700130007208200160008510000160010124501800011725000120029726000300030927000930033930000280043250000190046070000200047920161206101225.0 aENG-116303 a9789350357514c1695.00 aEN-99835 bDBAD/PUB a343.5409944 aSeth,Kanika aComputers, internet and new technology laws :cby Karnika Seth ; foreword by Madan B. Lokurbby a comprehensive reference work with a special focus on developments in India / a2nd ed. aGurgaonbLexisNexisc2016 a14th Floor, Building No.10, Tower-B, DLF Cyber City, Phase-IIbGurgaon (Haryana)e122002 acccxiv,1696p.c24cm(Hb) aIncludes index a Lokur,Madan B.